000 00792cam a2200289 4500
001 M1443
008 090401t1993 xxu||||| |||| 00| 0 eng d
035 _a(Sirsi) u32036
041 _aeng
050 _a331.128
090 _aRICS 1993/70AB
110 _aRoyal Institution of Chartered Surveyors
_94900
245 2 _aA guide to job seeking and surviving redundancy.
250 _a3rd ed.
260 _aLondon
_bRICS
_c1993
300 _a76p. ; 30cm.
350 _a0
520 _aSUPERSEDED: Replaced by revised edition (RICS 1996/112).
650 _aINTERVIEWS
650 _aJOB SEEKING
650 _aRECRUITMENT
650 _aREDUNDANCY
650 _aUNEMPLOYMENT
690 _aMANAGEMENT-BUSINESS MANAGEMENT-PROFESSIONAL PRACTICE
942 _n0
948 _c04/03/1997
999 _c89662
_d89662